UEFA - Euro U21 - Finalistes perdants - Statistiques

Statistiques générales
  • Ce quiz a été pris 17 fois
  • Le résultat moyen est 24 sur 28
Statistiques - réponses
Année Vainqueur Finaliste % Correct
2019 Espagne Allemagne
100%
2025 Angleterre Allemagne
100%
1982 Angleterre Allemagne de l'Ouest
100%
1984 Angleterre Espagne
100%
1996 Italie Espagne
100%
2017 Allemagne Espagne
100%
2023 Angleterre Espagne
100%
2002 République Tchèque France
100%
1986 Espagne Italie
100%
2013 Espagne Italie
100%
1994 Italie Portugal
100%
2015 Suède Portugal
100%
2021 Allemagne Portugal
100%
2009 Allemagne Angleterre
94%
2011 Espagne Suisse
94%
1976 Union soviétique Hongrie
88%
2000 Italie République Tchèque
88%
1972 Tchécoslovaquie Union soviétique
88%
1992 Italie Suède
82%
1990 Union soviétique Yougoslavie
82%
2004 Italie Serbie-et-Monténégro
76%
2006 Pays-Bas Ukraine
76%
2007 Pays-Bas Serbie
71%
1988 France Grèce
65%
1998 Espagne Grèce
65%
1974 Hongrie Allemagne de l'Est
41%
1978 Yougoslavie Allemagne de l'Est
41%
1980 Union soviétique Allemagne de l'Est
41%
Aucun quiz correspondant
Distribution des résultats
% des personnes avec chaque résultat
Percentile par nombre de réponses
Votre historique - résultats
Vous n’avez pas pris ce quiz